00768nam a22002291 4500001001300000003000400013005001700017008004100034010002200075025002000097043001200117050002400129082002100153110003900174245010300213260006800316300001800384500002900402504004100431651004900472999001700521sa 68019464 DLC20260227112717.0811110s1967 io b 00010 eng  asa 68019464 //r81 aPL480:Indo-7586 aa-io---0 aUA853.I5bA54 1967a0 a322/.5/0959821910aIndonesia.bDepartemen Penerangan.10aParticipation in state affairs of the Armed Forces of the Republic of Indonesia is not militarism.0 a[Djakarta]bDept. of Information, Republic of Indonesiac[1967] a20 p.c18 cm. a"Special issue, 025/67." aIncludes bibliographical references. 0aIndonesiaxArmed ForcesxPolitical activity. c88896d88896